Лингвистическая креативность VS выразительная морфология в романе Дж. Джойса «Ulysses»; Казанская наука; № 9

Bibliografische gegevens
Parent link:Казанская наука.— .— Казань: Рашин Сайнс
№ 9.— 2023.— С. 237-239
Hoofdauteur: Степура С. Н. Светлана Николаевна
Samenvatting:Заглавие с экрана
В статье рассматривается вопрос креативности с точки зрения изменения его статуса в междисциплинарном контексте. Ставится вопрос о том, что определение креативности лексических творений направлено в сторону давних дискуссий в морфологии. Примеры представлены на материале романа Дж. Джойса «Улисс»
Текстовый файл
Taal:Russisch
Gepubliceerd in: 2023
Onderwerpen:
Online toegang:https://elibrary.ru/item.asp?id=54742662
Formaat: Elektronisch Hoofdstuk
KOHA link:https://koha.lib.tpu.ru/cgi-bin/koha/opac-detail.pl?biblionumber=680190

MARC

LEADER 00000naa0a2200000 4500
001 680190
005 20250904142754.0
090 |a 680190 
100 |a 20250514d2023 k||y0rusy50 ca 
101 0 |a rus 
102 |a RU 
135 |a drcn ---uucaa 
181 0 |a i   |b  e  
182 0 |a b 
183 |a cr  |2 RDAcarrier 
200 1 |a Лингвистическая креативность VS выразительная морфология в романе Дж. Джойса «Ulysses»   |f Степура С. Н. 
283 |a online_resource  |2 RDAcarrier 
300 |a Заглавие с экрана 
320 |a Список литературы: 9 назв 
330 |a В статье рассматривается вопрос креативности с точки зрения изменения его статуса в междисциплинарном контексте. Ставится вопрос о том, что определение креативности лексических творений направлено в сторону давних дискуссий в морфологии. Примеры представлены на материале романа Дж. Джойса «Улисс» 
336 |a Текстовый файл 
461 1 |t Казанская наука  |c Казань  |n Рашин Сайнс 
463 1 |t № 9  |v С. 237-239  |d 2023 
600 1 |a Джойс  |b Дж.  |c ирландский писатель  |f 1882-1941  |g Джеймс  |9 1533 
610 1 |a электронный ресурс 
610 1 |a труды учёных ТПУ 
610 1 |a лингвистическая креативность 
610 1 |a выразительная морфология 
610 1 |a язык 
610 1 |a Улисс 
700 1 |a Степура  |b С. Н.  |c лингвист  |c доцент Томского политехнического университета, кандидат филологических наук  |f 1970-  |g Светлана Николаевна  |9 15032 
801 0 |a RU  |b 63413507  |c 20250514  |g RCR 
850 |a 63413507 
856 4 |u https://elibrary.ru/item.asp?id=54742662  |z https://elibrary.ru/item.asp?id=54742662 
942 |c CF